Central Library OPAC University of Rajshahi

A course in distribution theory and applications / (Record no. 50762)

MARC details
000 -LEADER
fixed length control field 00724nam a2200241 a 4500
001 - CONTROL NUMBER
control field 50762
003 - CONTROL NUMBER IDENTIFIER
rucl marc code BD-RjUL
005 - DATE AND TIME OF LATEST TRANSACTION
control field 20211209075548.0
008 - FIXED-LENGTH DATA ELEMENTS--GENERAL INFORMATION
fixed length control field 160828s2001 enka 001 0 eng d
020 ## - INTERNATIONAL STANDARD BOOK NUMBER
International Standard Book Number 8173193371
035 ## - SYSTEM CONTROL NUMBER
System control number (BD-RjUL)
System control number BNB2708.3094
040 ## - CATALOGING SOURCE
Original cataloging agency DLC
Transcribing agency DLC
Language of cataloging eng
Modifying agency BD-RjUL
041 ## - LANGUAGE CODE
Language code of text/sound track or separate title eng
082 0# - DEWEY DECIMAL CLASSIFICATION NUMBER
Classification number 519.24
Edition number 23
Author mark and year PAC 2001
100 1# - MAIN ENTRY--PERSONAL NAME
Personal name Pathak, R. S.
9 (RLIN) 151968
245 12 - TITLE STATEMENT
Title A course in distribution theory and applications /
Statement of responsibility, etc. R.S. Pathak.
260 ## - PUBLICATION, DISTRIBUTION, ETC. (IMPRINT)
Place of publication, distribution, etc. Calcatta :
Name of publisher, distributor, etc. Narosa Publication Hoouse
Date of publication, distribution, etc. c2001.
300 ## - PHYSICAL DESCRIPTION
Pagination xi, 146 p. :
Illustrations ill. ;
Size 25 cm.
504 ## - BIBLIOGRAPHY, ETC. NOTE
Bibliography, etc Includes bibliographical references and index.
650 #0 - SUBJECT ADDED ENTRY--TOPICAL TERM
Topical term or geographic name as entry element Distribution (Probability theory)
9 (RLIN) 138285
942 ## - ADDED ENTRY ELEMENTS (KOHA)
Source of classification or shelving scheme Dewey Decimal Classification
Koha item type Books
Holdings
Lost status Source of classification or shelving scheme Damaged status Not for loan Collection code Permanent Location Current Location Shelving location Date acquired Source of acquisition Cost, normal purchase price Total Checkouts Full call number Date last seen Copy number Koha item type
  Dewey Decimal Classification     Non-fiction Central Library, University of Rajshahi Central Library, University of Rajshahi Electronic Books 04/03/2008 Paragon Enterprise ltd., Dhaka 250.00   519.24 PAC 2001 28/08/2016 C-2 Books
  Dewey Decimal Classification     Non-fiction Central Library, University of Rajshahi Central Library, University of Rajshahi Electronic Books 04/03/2008 Paragon Enterprise ltd., Dhaka 250.00   519.24 PAC 2001 28/08/2016 C-3 Books
  Dewey Decimal Classification     Non-fiction Central Library, University of Rajshahi Central Library, University of Rajshahi Electronic Books 04/03/2008 Paragon Enterprise ltd., Dhaka 250.00   519.24 PAC 2001 28/08/2016 C-4 Books
  Dewey Decimal Classification     Non-fiction Central Library, University of Rajshahi Central Library, University of Rajshahi   04/03/2008 dhaka, paragon Enterprice ltd. 250.00   519.24 PAC 2001 10/11/2016 C-5 Books
  Dewey Decimal Classification   Not For Loan Non-fiction Central Library, University of Rajshahi Central Library, University of Rajshahi Reading Room 04/03/2008 Paragon Ent. 250.00   519.24 PAC 2001 15/04/2017 C-1 Books